| 000 | 00654cam a2200193 a 4500 | ||
|---|---|---|---|
| 001 | 000001642 | ||
| 005 | 20200929145640.0 | ||
| 008 | 790502s1967 ag 000 f spa | ||
| 040 |
_aDO-SdBNP _bspa _cBNPHU |
||
| 082 |
_a862.5 _bB456i |
||
| 100 | 1 |
_aBenavente, Jacinto, _d1866-1954 _95362 |
|
| 245 | 1 | 4 |
_aLos intereses creados / _cJacinto Benavente ; edición, María Hortensia Lacau. |
| 260 |
_aBuenos Aires : _bKapelusz, _c1967. |
||
| 300 |
_a127 p. ; _c17 cm. |
||
| 440 | 0 |
_aGrandes obras de la literatura universal ; _v15 _95363 |
|
| 650 | 4 |
_aTeatro español _93071 |
|
| 650 | 4 |
_aLiteratura española _9632 |
|
| 700 | 1 |
_aLacau, María Hortensia, _eed. _95364 |
|
| 999 |
_c1530 _d1530 |
||